000 00857nam a22003014a 4500
001 UByD004317
003 AR-LpoUNG
005 20260106155600.0
008 251201s2025 ag grb 000 0dspa d
020 _a9789502335438
040 _aAR-LpoUNG
_bspa
_eaacr
041 0 _aspa
082 0 _aA864 336cat
100 1 _aBattista, Emiliano
245 1 3 _aUn catalán en Buenos Aires (1925) :
_bManuel de Montoliu y el Instituto de Filología
250 _a1ra. ed.
260 _aBuenos Aires :
_bEudeba,
_c2025.
300 _a175 p.
650 4 _aLiteratura
650 4 _aCrítica literaria
650 4 _aIntelectuales
650 4 _aHistoria de la literatura
650 4 _aFilólogos
653 1 _aMontoliu, Manuel de
655 4 _aEnsayo
942 _2ddc
_cLIB
999 _c67407
_d67407